Представление документа в формате MARC21

Поле Инд. ПП Название Значение
Тип записи a
Библиографический уровень a
001 Контрольный номер 74e3bc41a1194a1a9f788fcfdf62b847
005 Дата корректировки 20230330084805.6
020 a ISBN 978-5-7823-0713-4
040 a Служба первич. каталог. НБ ТвГУ
b Код языка каталог. rus
e Правила каталог. PSBO
041 0_ a Код языка текста rus
097 b Оператор Komarova.ES
100 1_ a Автор Галактионова Н. В.
245 10 a Заглавие Анализ результатов деятельности Управления лесами Правительства Хабаровского края
260 a Место издания Хабаровск
b Издательство ХГУЭП
504 a Библиография Библиогр.: с. 58 (3 назв.)
520 0_ a Аннотация Статья посвящена анализу результатов деятельности Управления лесами Правительства Хабаровского края.
653 0_ a Ключевые слова Хабаровск, город
a Ключевые слова Лесничество
a Ключевые слова Лесные отношения
a Ключевые слова Охрана лесов
a Ключевые слова Рациональное использование
773 18 w Контрольный № источника cfa67160537b4a51955dab8b13f08e55
t Название источника Современные проблемы и перспективы развития финансовой и кредитной сфер экономики России XXI века
d Место и дата издания Хабаровск : ХГУЭП, 2019
g Прочая информация Вып. 15. - С. 52-58
901 t Тип документа a
920 a Оператор Кома
954 b Дата поступления в ОК 20230330